| 000 | 00350nam a22001577a 4500 | ||
|---|---|---|---|
| 003 | SGT | ||
| 020 | _a9789385965494 | ||
| 082 | _a620.106,WHI | ||
| 100 | _aWHITE,FRANK.M | ||
| 245 | _aFLUID MECHANICS | ||
| 250 | _a8TH | ||
| 260 |
_aCHENNAI _bMC GRAW HILL EDUCATION _c2018 |
||
| 300 | _a773 | ||
| 650 | _aMECHANICAL ENGINEERING | ||
| 942 |
_2ddc _cBK |
||
| 999 |
_c18302 _d18302 |
||